000 00715cam a22002413a 4500
001 2420
003 PGUSA
005 20140828083014.0
008 001201s2000||||xxu|||||s|||||000 | eng d
040 _aPGUSA
_beng
042 _adc
050 4 _aPT
100 1 _aGoethe, Johann Wolfgang von,
_d1749-1832
245 1 0 _aUnterhaltungen deutscher Ausgewanderten
_h[electronic resource] /
_cJohann Wolfgang von Goethe
260 _bProject Gutenberg,
_c2000
506 _aPublic domain in the USA.
516 _aElectronic text
653 _aShort stories
653 _aGermany -- Emigration and immigration
830 0 _aProject Gutenberg
_v2420
856 4 0 _uhttp://www.gutenberg.org/ebooks/2420
942 _cEB
999 _c231757
_d231757